000 00490nam a2200181 a 4500
001 2048
003 CO-ViMGA
008 141112s2004 ck r 000 u spa d
040 _aCO-ViMGA
_bspa
_cCO-ViMGA
082 0 4 _a530 M243
100 1 _aMcKelvey, John P
_950760
245 1 0 _aFĂ­sica para ciencias e ingenieria /
_cMcKelvery John , Grotch Howard
260 _aMexico :
_bHarla,
_c1978
300 _a2 v
650 1 4 _aFISICA
_94980
650 1 4 _aGrotch, Howard
_950761
942 _2ddc
_cBK
999 _c14192
_d14192